| 000 | 00839cam a2200253 a 4500 | ||
|---|---|---|---|
| 001 | 14677312 | ||
| 005 | 20180829073045.0 | ||
| 008 | 061220s2008 maua b 001 0 eng | ||
| 010 | _a 2006102821 | ||
| 020 | _a9780073526706 (alk. paper) | ||
| 020 | _a0073526703 (alk. paper) | ||
| 020 | _a9780073203065 (annotated instructor's ed.) | ||
| 040 |
_aDLC _cDLC _dDLC |
||
| 041 | _aeng | ||
| 080 | _a658.1511 | ||
| 082 | 0 | 0 |
_a658.1511 _222 |
| 100 | 1 | _a61 | |
| 101 | _aKM | ||
| 245 | 1 | 0 |
_aManagerial accounting / _cRay H. Garrison, Eric W. Noreen, Peter C. Brewer. |
| 504 | _aIncludes bibliographical references and index. | ||
| 906 |
_a7 _bcbc _corignew _d1 _eecip _f20 _gy-gencatlg |
||
| 942 |
_2ddc _cBK |
||
| 999 |
_c47411 _d47411 |
||